000 00511nam a2200193Ia 4500
005 20250923145512.0
008 008 250917s9999 xx 000 0 eng d
037 _aTextual
040 _aDSWL
_beng
_cDSWL
041 _aeng
_2eng
084 _aY:f, N79
_qDSWL
245 4 _aThe Fieldworker and the field
_c Ed.by M.N.Srinivas
260 _aDelhi
_bOxford
_c1979
300 _axii,288p.
365 _aINR
_b63
925 _g63
942 _cTEXL
_hY:f, N79
999 _c1452142
_d1452142